[Event "Mario Covas 9th"]
[Site "Santos"]
[Date "2010.08.13"]
[Round "1"]
[White "Cubas, Jose Fernando"]
[Black "Coelho, Luis Henrique"]
[Result "1-0"]
[WhiteElo "2463"]
[BlackElo "2381"]
[PlyCount "119"]
[EventDate "2010.08.13"]
[EventType "tourn"]
[EventRounds "9"]
[EventCountry "BRA"]
[EventCategory "11"]
[SourceTitle "CBM 137 Extra"]
[Source "ChessBase"]
[SourceDate "2010.09.01"]
[SourceVersion "1"]
[SourceVersionDate "2010.09.01"]
[SourceQuality "1"]

1. e4 c5 2. Nf3 Nc6 3. d4 cxd4 4. Nxd4 e6 5. Nc3 Qc7 6. Be3 a6 7. Bd3 Nf6 8. 0-0 Nxd4 9. Bxd4 Bc5 10. Bxc5 Qxc5 11. Na4 Qc7 12. c4 d6 13. Rc1 Bd7 14. c5 0-0 15. cxd6 Qxd6 16. Nc3 Bc6 17. Qe2 Rad8 18. Rfd1 Qe5 19. f3 Rd7 20. Qe3 Rfd8 21. Be2 g5 22. g3 Rxd1+ 23. Rxd1 Rxd1+ 24. Bxd1 Nd7 25. Kf2 Qf6 26. Ke1 Ne5 27. Be2 Kg7 28. Kd2 h5 29. Kc2 h4 30. b4 hxg3 31. hxg3 Ng6 32. Qc5 Qe5 33. Qxe5+ Nxe5 34. Kd2 Kf6 35. Ke3 Ke7 36. Kd4 f6 37. a4 Kd6 38. b5 axb5 39. axb5 Be8 40. f4 Nd7 41. e5+ Ke7 42. exf6+ Nxf6 43. fxg5 Nh7 44. Ne4 Bg6 45. Nc5 b6 46. Na4 Kd6 47. Nxb6 e5+ 48. Ke3 Nxg5 49. Nc4+ Kc5 50. b6 Be4 51. Nxe5 Bb7 52. Nc4 Ne6 53. g4 Nd4 54. Na5 Nc2+ 55. Kd2 Nb4 56. Nxb7+ Kxb6 57. Bf3 Kc7 58. Kc3 Na6 59. Kc4 Kd7 60. Nc5+ 1-0

[Event "Asuncion-A 2nd"]
[Site "Asuncion"]
[Date "2009.07.03"]
[Round "6"]
[White "Cornejo, Max"]
[Black "Coelho, Luis Henrique"]
[Result "1/2-1/2"]
[WhiteElo "2383"]
[BlackElo "2389"]
[PlyCount "110"]
[EventDate "2009.06.28"]
[EventType "tourn"]
[EventRounds "9"]
[EventCountry "PAR"]
[EventCategory "8"]
[SourceTitle "CBM 131 Extra"]
[Source "ChessBase"]
[SourceDate "2009.09.03"]
[SourceVersion "2"]
[SourceVersionDate "2009.09.16"]
[SourceQuality "1"]

1. e4 c5 2. Nf3 Nc6 3. c3 Nf6 4. e5 Nd5 5. d4 cxd4 6. cxd4 d6 7. Bc4 Nb6 8. Bb5 dxe5 9. Nxe5 Bd7 10. Nxd7 Qxd7 11. Nc3 e6 12. 0-0 Be7 13. Qg4 0-0 14. Bxc6 bxc6 15. Bh6 Bf6 16. Rfd1 Kh8 17. Ne4 Qd8 18. Bf4 Nd5 19. Nxf6 Qxf6 20. Be5 Qg6 21. Qxg6 hxg6 22. Rac1 Rac8 23. a3 Rfd8 24. b4 f6 25. Bg3 Kg8 26. Kf1 Kf7 27. Ke2 Rd7 28. f3 Ke8 29. Rd2 Ne7 30. Bf2 Rd5 31. Rc5 Rxc5 32. dxc5 Nd5 33. Be1 Ke7 34. Rb2 a6 35. Bd2 e5 36. a4 Kd7 37. h3 Rh8 38. Be1 f5 39. Rd2 Rb8 40. Rb2 e4 41. fxe4 Re8 42. Kf2 fxe4 43. g3 Rf8+ 44. Ke2 Rf3 45. b5 axb5 46. axb5 cxb5 47. Rxb5 Kc6 48. Ra5 Rb3 49. Ra6+ Kxc5 50. Rxg6 Rb2+ 51. Kd1 Rb7 52. Ke2 Kd4 53. Bf2+ Ke5 54. Rg5+ Ke6 55. Bd4 Nf6 1/2-1/2

[Event "Asuncion-A 2nd"]
[Site "Asuncion"]
[Date "2009.06.30"]
[Round "3"]
[White "Brito, Luismar"]
[Black "Coelho, Luis Henrique"]
[Result "1/2-1/2"]
[WhiteElo "2364"]
[BlackElo "2389"]
[PlyCount "88"]
[EventDate "2009.06.28"]
[EventType "tourn"]
[EventRounds "9"]
[EventCountry "PAR"]
[EventCategory "8"]
[SourceTitle "CBM 131 Extra"]
[Source "ChessBase"]
[SourceDate "2009.09.03"]
[SourceVersion "2"]
[SourceVersionDate "2009.09.16"]
[SourceQuality "1"]

1. e4 c5 2. Nf3 Nc6 3. Nc3 d6 4. d4 cxd4 5. Nxd4 Nf6 6. Bg5 e6 7. Qd2 Be7 8. 0-0-0 Nxd4 9. Qxd4 0-0 10. f4 Qa5 11. Bd3 h6 12. h4 e5 13. Qe3 exf4 14. Bxf4 Be6 15. Nd5 Bxd5 16. exd5 Nxd5 17. Qe4 f5 18. Qc4 Kh8 19. Bg5 Bf6 20. Bxf6 Nxf6 21. a3 d5 22. Qd4 Ne4 23. Rhf1 Rae8 24. Rf3 b6 25. c3 Qc5 26. Bc2 Qe7 27. g3 Qc7 28. Qxd5 Nxg3 29. Qd7 Qxd7 30. Rxd7 f4 31. Bg6 Rd8 32. Rxa7 h5 33. Kc2 Rf6 34. Bd3 g6 35. Rb7 Re8 36. Kd2 Re5 37. Rd7 Re8 38. Rd4 Ref8 39. a4 Kg7 40. b4 Kh6 41. Rd5 Re8 42. a5 bxa5 43. bxa5 Ne4+ 44. Kc2 g5 1/2-1/2

[Event "Asuncion-A 2nd"]
[Site "Asuncion"]
[Date "2009.06.29"]
[Round "2"]
[White "Coelho, Luis Henrique"]
[Black "Bachmann, Axel"]
[Result "0-1"]
[WhiteElo "2389"]
[BlackElo "2555"]
[PlyCount "80"]
[EventDate "2009.06.28"]
[EventType "tourn"]
[EventRounds "9"]
[EventCountry "PAR"]
[EventCategory "8"]
[SourceTitle "CBM 131 Extra"]
[Source "ChessBase"]
[SourceDate "2009.09.03"]
[SourceVersion "2"]
[SourceVersionDate "2009.09.16"]
[SourceQuality "1"]

1. d4 Nf6 2. c4 g6 3. Nc3 Bg7 4. e4 d6 5. Nf3 0-0 6. Be2 e5 7. Be3 Nbd7 8. 0-0 Re8 9. Qc2 exd4 10. Nxd4 c6 11. Rad1 Qc7 12. Rfe1 a6 13. h3 b5 14. cxb5 cxb5 15. Bxb5 axb5 16. Ndxb5 Qb8 17. Nxd6 Re6 18. Ncb5 Bf8 19. Bf4 Ne5 20. Nc7 Bxd6 21. Rxd6 Rxd6 22. Bxe5 Re6 23. Qc3 Rxe5 24. Qxe5 Bd7 25. Rc1 Ne8 26. Qd5 Nxc7 27. Qxd7 Ne6 28. b3 Kg7 29. Rc2 Qe5 30. Qd2 Qxe4 31. Qc3+ Kg8 32. Kh2 Rd8 33. Rb2 Rd3 34. Qf6 Rd1 35. f3 Qd3 36. Qe5 h5 37. h4 Qf1 38. Rc2 Ng7 39. Qf6 Qh1+ 40. Kg3 Nf5+ 0-1

[Event "Paulista-ch Interior"]
[Site "Santos"]
[Date "2008.12.19"]
[Round "2"]
[White "Massarioli, Felipe Alvarenga"]
[Black "Coelho, Luis Henrique"]
[Result "1/2-1/2"]
[WhiteElo "2065"]
[BlackElo "2398"]
[PlyCount "36"]
[EventDate "2008.12.19"]
[EventType "swiss"]
[EventRounds "6"]
[EventCountry "BRA"]
[SourceTitle "CBM 127 Extra"]
[Source "ChessBase"]
[SourceDate "2009.01.08"]
[SourceVersion "2"]
[SourceVersionDate "2009.01.28"]
[SourceQuality "1"]

1. d4 d5 2. c4 c6 3. Nc3 Nf6 4. Bg5 Ne4 5. Nxe4 dxe4 6. Qd2 g6 7. e3 Bg7 8. Ne2 h6 9. Bh4 g5 10. Bg3 Bf5 11. Nc3 Nd7 12. h4 e5 13. hxg5 hxg5 14. Rxh8+ Bxh8 15. 0-0-0 Qe7 16. Qc2 exd4 17. exd4 Bg6 18. c5 e3 1/2-1/2